| Поле | Инд. | ПП | Название | Значение |
|---|---|---|---|---|
| Тип записи | a | |||
| Библиографический уровень | m | |||
| 001 | Контрольный номер | 1167c3d2-a61f-4cd5-afdf-d8209560487c | ||
| 005 | Дата корректировки | 20251222130540.4 | ||
| 008 | Кодируемые данные | 060607s1987 rur a 000u 0rus d | ||
| 020 | c | Цена, тираж | 65 к. | |
| 040 | a | Служба первич. каталог. | RKP | |
| 040 | a | Служба первич. каталог. | НБ ТвГУ | |
| 041 | 0_ | a | Код языка текста | rus |
| 080 | a | Индекс УДК | 334.757(1-662)(092) | |
| 084 | a | Индекс другой классификации/Индекс ББК | У03(0)5 | |
| 090 | x | Авторский знак | Г33 | |
| a | Полочн. индекс | У03(0)5 | ||
| 092 | a | 03.09 | ||
| 100 | 1_ | a | Автор | Гемери Эндре |
| 245 | 10 | a | Заглавие | Сверхбогачи |
| b | Продолж. заглавия | [сокр. пер. с венг.] | ||
| c | Ответственность | Эндре Гемери | ||
| 260 | 0_ | a | Место издания | Москва |
| b | Издательство | Международные отношения | ||
| c | Дата издания | 1987 | ||
| 300 | a | Объем | 261,[1] с. | |
| c | Размеры | 21 см | ||
| 500 | a | Примечание | Перевод изд.: Szupergazdagok / Gomori Endre (Budapest, 1981) | |
| 650 | 04 | a | Основная рубрика | Финансовая олигархия в капиталистических странах |
| x | Основная подрубрика | История | ||
| x | Основная подрубрика | 19-20 вв. | ||
| 653 | 0_ | a | Ключевые слова | Всемирная история |
| a | Ключевые слова | Финансовые олигархи зарубежных стран | ||
| a | Ключевые слова | Ротшильд | ||
| a | Ключевые слова | Рокфеллер | ||
| a | Ключевые слова | Крупп | ||
| a | Ключевые слова | Форд | ||
| a | Ключевые слова | Шелл | ||
| a | Ключевые слова | Онассис | ||
| 852 | 41 | t | Порядковый номер экземпляра | 2 |
| q | Физ. особенности экз. | м | ||
| p | Инвентарный номер | 575133 | ||
| p | Инвентарный номер | 575132 | ||
| 863 | t | 00034480 | ||
| 954 | a | Дата поступления на обработку | 20060724 | |
| 999 | a | Подразделение 2 | Фил1 |